00460nam a2200109 a 4500008004100000050002500041110006000066245012800126260003800254350000900292650004900301100114s1979 ||||||||||||||||| || u aGOV.ZAM(058)CPA/1979 aGovernment of the Republic of Zambia. National Assembly10aReport of the public accounts committee for the first session of the fourth national assembly....cBy the National Assembly aLusaka:bGovernment Printerc1979 a0.00 aFINANCIAL REPORTING--PUBLIC ACCOUNTS--ZAMBIA